<?xml version="1.0" encoding="UTF-8"?>
<record
    xmlns:xsi="http://www.w3.org/2001/XMLSchema-instance"
    xsi:schemaLocation="http://www.loc.gov/MARC21/slim http://www.loc.gov/standards/marcxml/schema/MARC21slim.xsd"
    xmlns="http://www.loc.gov/MARC21/slim">

  <leader>00900nam a22001937a 4500</leader>
  <controlfield tag="001">157716</controlfield>
  <controlfield tag="003">OSt</controlfield>
  <controlfield tag="005">20240510192606.0</controlfield>
  <controlfield tag="008">240510b        |||||||| |||| 00| 0 POR d</controlfield>
  <datafield tag="020" ind1=" " ind2=" ">
    <subfield code="a">9780241583104</subfield>
  </datafield>
  <datafield tag="040" ind1=" " ind2=" ">
    <subfield code="a">BR - IDEA</subfield>
    <subfield code="c">BR - IDEA</subfield>
  </datafield>
  <datafield tag="100" ind1=" " ind2=" ">
    <subfield code="a">Kinney, Jeff</subfield>
    <subfield code="e">Author</subfield>
    <subfield code="9">214</subfield>
  </datafield>
  <datafield tag="245" ind1=" " ind2=" ">
    <subfield code="a">Diary of a Wimpy Kid</subfield>
    <subfield code="b">diper overlode</subfield>
    <subfield code="c">Jeff Kinney</subfield>
  </datafield>
  <datafield tag="260" ind1=" " ind2=" ">
    <subfield code="a">London </subfield>
    <subfield code="b">Puffin Books</subfield>
    <subfield code="c">2024</subfield>
  </datafield>
  <datafield tag="300" ind1=" " ind2=" ">
    <subfield code="a">217 p</subfield>
    <subfield code="b">ill.</subfield>
  </datafield>
  <datafield tag="490" ind1=" " ind2=" ">
    <subfield code="a">Diary of a Wimpy Kid</subfield>
  </datafield>
  <datafield tag="520" ind1=" " ind2=" ">
    <subfield code="a">When he decides to tag along with his brother Rodrick's band, L&#xF6;ded Diper, Greg doesn't realize what he's getting into. But he soon learns that late nights, unpaid gigs, fighting between band members, and money troubles are all part of the rock 'n' roll lifestyle.
Can Greg help L&#xF6;ded Diper become the legends they think they are? Or will too much time with Rodrick's band be a diper &#xF6;verl&#xF6;de?</subfield>
  </datafield>
  <datafield tag="942" ind1=" " ind2=" ">
    <subfield code="2">ddc</subfield>
    <subfield code="c">BK</subfield>
    <subfield code="n">0</subfield>
  </datafield>
  <datafield tag="952" ind1=" " ind2=" ">
    <subfield code="0">0</subfield>
    <subfield code="1">0</subfield>
    <subfield code="2">ddc</subfield>
    <subfield code="4">0</subfield>
    <subfield code="7">0</subfield>
    <subfield code="a">12.28</subfield>
    <subfield code="b">12.28</subfield>
    <subfield code="d">2024-05-10</subfield>
    <subfield code="l">0</subfield>
    <subfield code="o">Year 4 [Fic] KIN</subfield>
    <subfield code="p">9788563219893</subfield>
    <subfield code="r">2024-05-10 19:32:58</subfield>
    <subfield code="w">2024-05-10</subfield>
    <subfield code="y">BK</subfield>
    <subfield code="u"></subfield>
  </datafield>
  <datafield tag="999" ind1=" " ind2=" ">
    <subfield code="c">157716</subfield>
    <subfield code="d">157716</subfield>
  </datafield>
</record>
